|
|
|
|
| LEADER |
00000cam a2200000 7i4500 |
| 001 |
0000004750 |
| 002 |
000005121 |
| 005 |
20000330.0 |
| 020 |
|
|
|a 0891589686
|
| 090 |
0 |
0 |
|a 966.25605
|b CHA
|
| 100 |
1 |
|
|a Charlick, Robert B
|
| 245 |
1 |
0 |
|a Niger :
|b personal rule and survival in the Sahel
|c Robert B.Charlick
|
| 260 |
|
|
|a Boulder & San Francisco :
|b Westview Press ,
|c 1991
|
| 300 |
|
|
|a 189p. ;
|c 23cm.
|
| 651 |
|
0 |
|a Niger
|x Economic
|
| 651 |
|
0 |
|a Niger
|x Politics and government
|y 1960
|
| 999 |
|
|
|a 037497
|b BUKU
|c PINJAMAN
|e PERPUSTAKAAN KOMUNITI PETALING JAYA
|
| 999 |
|
|
|a 037498
|b BUKU
|c RUJUKAN
|e PERPUSTAKAAN KOMUNITI PETALING JAYA
|